| 000 | 00800nam a22002417a 4500 | ||
|---|---|---|---|
| 003 | OSt | ||
| 005 | 20230125164130.0 | ||
| 008 | 160111b xxu||||| |||| 00| 0 eng d | ||
| 020 | _a0 934032 07 6 | ||
| 040 | _cLado V | ||
| 082 |
_a779.946 _bG876p |
||
| 100 |
_aGroover, Jan _9625 _eautor |
||
| 245 | _aPhotographs | Jan Groover/ | ||
| 260 |
_aNew York _bNeuberger Museum _c1983 |
||
| 300 |
_a110p. _bil. (col.) _c28x25cm. |
||
| 500 | _aNotas en español, inglés y alemán | ||
| 600 |
_aEmde, Thomas, 1959 -- _xExhibiciones _94352 |
||
| 650 |
_aFOTOGRAFIA _2Tesauro de Arte & Arquitectura |
||
| 650 |
_aARTE _2Tesauro de Arte & Arquitectura |
||
| 700 |
_aStempel, Karin [Curadora] _94357 |
||
| 700 |
_aNobis, Norbert [Curadora] _94358 |
||
| 942 |
_2ddc _c1 _n0 _h779.946 _iG876p |
||
| 999 |
_c2894 _d2894 |
||